| 000 | 01631nam a2200385Ia 4500 | ||
|---|---|---|---|
| 001 | 57337 | ||
| 003 | CO-BoRNBP | ||
| 005 | 20250619145858.0 | ||
| 007 | ta | ||
| 008 | 160315s2012 ve a g 000 1 spa | ||
| 020 | _a9789802571963 | ||
| 040 |
_aCO-BoRNBP _bspa _erda _cCO-BoRNBP |
||
| 041 | _aspa | ||
| 084 | _aA BRO6 | ||
| 100 | 1 |
_aBrowne, Eileen _91004 |
|
| 245 | 1 | 3 |
_aLa sorpresa de Nandi _cEileen Browne ; traducido por María Cecilia Silva-Díaz |
| 250 | _a13a. edición | ||
| 264 | 1 |
_aCaracas _bEkaré _c2012 |
|
| 300 |
_a[25] páginas sin enumerar _bilustraciones en color _c18 cm |
||
| 336 |
_atexto _btxt _2rdacontent |
||
| 337 |
_asin mediación _bn _2rdamedia |
||
| 338 |
_avolumen _bnc _2rdacarrier |
||
| 490 | 0 | _aPonte poronte | |
| 500 | _aIncluye datos biográficos del autor | ||
| 520 | _aNandi se dirige al poblado de Tindi con una inmensa cesta llena de frutas, preguntándose cuál será la favorita de su amiga. Pero en el camino, gracias a ocho animales traviesos, llega a casa de Tindi con un montón de... ¿mandarinas? Al final, la más sorprendida de todas será Nandi. Esta radiante historia recrea los paisajes y la fauna de África. | ||
| 521 | _aRecomendado para niños de 5 a 7 años | ||
| 534 | _tHanda´s surprise | ||
| 650 | 0 | 0 |
_aFrutas en la literatura. _2LEMB _960352 |
| 650 | 0 | 7 |
_aAmistad en la literatura _2LEMB _970 |
| 650 | 0 | 0 |
_aÁlbumes infantiles ingleses. _ySiglo XX _2LEMB _9700 |
| 650 | 0 | 7 |
_aAnimales en la literatura _2LEMB _9853 |
| 650 | 0 | 7 |
_aLiteratura infantil inglesa _ySiglo XX _2LEMB _9701 |
| 700 | 1 |
_aSilva-Díaz, María Cecilia _etraductor _91007 |
|
| 942 |
_2loc _cBKINF |
||
| 999 |
_c57337 _d57337 |
||